Analýza a výsledky prieskumu názorov absolventov neekonomických vysokých škôl Fakulty telesnej výchovy a športu a Akadémie policajnho zboru

Rozvoj ekonomických vedomostí a podnikateľských zručností na Fakulte telesnej výchovy a športu Univerzity Komenského v Bratislave a Akadémii policajného zboru v Bratislave. Zhodnotenie názorov absolventov neekonomických vysokých škôl a ich uplatniteľnosť na trhu práce.

Gespeichert in:
Bibliographische Detailangaben
1. Verfasser: Záležáková, Eliška
Format: Buchkapitel
Sprache:Slowakisch
Schlagworte:
Tags: Tag hinzufügen
Keine Tags, Fügen Sie das erste Tag hinzu!

MARC

LEADER 00000naa$a2200000$$$4500
001 0192525
005 20240502073230.0
041 0 |a slo 
044 |a SK 
245 1 0 |a Analýza a výsledky prieskumu názorov absolventov neekonomických vysokých škôl  |b Fakulty telesnej výchovy a športu a Akadémie policajnho zboru  |c Eliška Záležáková 
520 |a Rozvoj ekonomických vedomostí a podnikateľských zručností na Fakulte telesnej výchovy a športu Univerzity Komenského v Bratislave a Akadémii policajného zboru v Bratislave. Zhodnotenie názorov absolventov neekonomických vysokých škôl a ich uplatniteľnosť na trhu práce. 
610 2 0 |a univerzity 
610 2 0 |a školy vysoké 
610 2 0 |a vzdelávanie vysokoškolské 
610 2 0 |a programy študijné 
610 2 0 |a vedy spoločenské 
610 2 0 |a ekonómia 
610 2 0 |a vedomosti 
100 1 |a Záležáková, Eliška